[Event "LTU-ch Rapid"]
[Site "Taujenai"]
[Date "2022.12.03"]
[Round "1"]
[White "Pidluznij, Gleb"]
[Black "Dauksas, Edgaras"]
[Result "1-0"]
[WhiteElo "2123"]
[BlackElo "1449"]
[PlyCount "75"]
[EventDate "2022.12.03"]
[EventType "swiss (rapid)"]
[EventRounds "10"]
[EventCountry "LTU"]
[SourceTitle "CBM 211 Extra"]
[Source "ChessBase"]
[SourceDate "2023.01.31"]
[SourceVersion "1"]
[SourceVersionDate "2023.01.31"]
[SourceQuality "1"]

1. d4 d5 2. c4 e6 3. Nf3 Nf6 4. g3 c6 5. Bg2 Nbd7 6. 0-0 Be7 7. Nc3 0-0 8. Qd3 b6 9. e4 dxe4 10. Nxe4 Nxe4 11. Qxe4 Bb7 12. Rd1 Nf6 13. Qe2 h6 14. b3 Qc7 15. Bf4 Bd6 16. Bxd6 Qxd6 17. Ne5 Rad8 18. Rac1 Nd7 19. c5 bxc5 20. Nxd7 Rxd7 21. dxc5 Qe7 22. Rxd7 Qxd7 23. Rd1 Qe7 24. Rd6 Rd8 25. Qd2 Rxd6 26. cxd6 Qd7 27. Qd4 a6 28. Qa7 Bc8 29. Qa8 Qb7 30. Qxb7 Bxb7 31. d7 Kh7 32. d8Q c5 33. Bxb7 e5 34. Be4+ g6 35. Qe7 h5 36. Qxf7+ Kh8 37. Bxg6 a5 38. Qh7# 1-0